Normal view
MARC view
- جمل،محمد جهاد مؤلف/المقطرن،سوزان،حسن م.مشارك
Entry Personal Name
001 - CONTROL NUMBER
- control field: 29820
003 - CONTROL NUMBER IDENTIFIER
- control field: JO-AjAnu
005 - DATE AND TIME OF LATEST TRANSACTION
- control field: 20230606075034.0
008 - FIXED-LENGTH DATA ELEMENTS
- fixed length control field: 230606|| aca||aabn | a|a d
040 ## - CATALOGING SOURCE
- Original cataloging agency: JO-AjAnu
- Transcribing agency: JO-AjAnu
100 ## - HEADING--PERSONAL NAME
- Personal name: جمل،محمد جهاد مؤلف/المقطرن،سوزان،حسن م.مشارك
670 ## - SOURCE DATA FOUND
- Source citation: Work cat.: (JO-AjAnu)15312: جمل،محمد جهاد مؤلف/المقطرن،سوزان،حسن م.مشارك, author, التوجيه التربوي:الإتجاهات المعاصرة-المداخل-الإستراتيجيات-موجه رياض الأطفال